[Event "VI Sunway Sitges Open 2019"]
[Site "Sitges"]
[Date "2019.12.17"]
[Round "5.24"]
[White "Martin Duque, Jesus"]
[Black "Wagner, Dennis"]
[Result "0-1"]
[WhiteElo "2430"]
[BlackElo "2578"]
[Annotator "ChessBase"]
[PlyCount "80"]
[EventDate "2019.12.13"]
[EventType "swiss"]
[EventCountry "ESP"]
[SourceTitle "playchess.com"]
[Source "ChessBase"]
[SourceQuality "1"]
[TimeControl "40/5400+30:1800+30"]

1. e4 {[%emt 0:04:56]} e5 {[%emt 0:00:00]} 2. Nf3 {[%emt 0:00:05]} Nc6 {[%emt 0:00:00]} 3. Bb5 {[%emt 0:00:04]} a6 {[%emt 0:00:10]} 4. Ba4 {[%emt 0:00:05]} Nf6 {[%emt 0:00:07]} 5. Bxc6 {[%emt 0:00:05]} dxc6 {[%emt 0:00:38]} 6. d3 {[%emt 0:00:07]} Bd6 {[%emt 0:09:48]} 7. Nbd2 {[%emt 0:00:11]} Nd7 {[%emt 0:08:29]} 8. Nc4 {[%emt 0:04:28]} O-O {[%emt 0:12:35]} 9. O-O {[%emt 0:01:03]} Re8 {[%emt 0:00:24]} 10. b3 {[%emt 0:04:03]} c5 {[%emt 0:01:21]} 11. Bb2 {[%emt 0:06:37]} f6 {[%emt 0:00:06]} 12. Nfd2 {[%emt 0:05:13]} Bf8 {[%emt 0:12:58]} 13. a4 {[%emt 0:04:17]} Nb8 {[%emt 0:01:10]} 14. f4 {[%emt 0:00:07]} exf4 {[%emt 0:01:00]} 15. Rxf4 {[%emt 0:00:07]} Nc6 {[%emt 0:00:03]} 16. Qh5 {[%emt 0:11:37]} g6 {[%emt 0:19:47]} 17. Qd1 {[%emt 0:10:55]} Nd4 {[%emt 0:00:33]} 18. Qf1 {[%emt 0:03:13]} Bg7 {[%emt 0:05:42]} 19. c3 {[%emt 0:01:16]} Nc6 {[%emt 0:01:14]} 20. Re1 {[%emt 0:01:46]} f5 {[%emt 0:09:56]} 21. Ne3 {[%emt 0:02:26]} Ne7 {[%emt 0:02:42]} 22. d4 {[%emt 0:04:29]} cxd4 {[%emt 0:02:34]} 23. cxd4 {[%emt 0:07:07]} Be6 {[%emt 0:00:56]} 24. Ba1 {[%emt 0:02:23]} fxe4 {[%emt 0:01:14]} 25. Rxe4 {[%emt 0:07:27]} Qd7 {[%emt 0:03:09]} 26. Nec4 {[%emt 0:05:57]} Bd5 {[%emt 0:01:22]} 27. Ne5 {[%emt 0:00:38]} Qd8 {[%emt 0:02:46]} 28. Rf4 {[%emt 0:04:02]} Rf8 {[%emt 0:00:01]} 29. Ne4 {[%emt 0:00:44]} Rxf4 {[%emt 0:01:01]} 30. Qxf4 {[%emt 0:00:02]} Qf8 {[%emt 0:00:19]} 31. Qg3 {[%emt 0:01:45]} Nf5 {[%emt 0:01:57]} 32. Qh3 {[%emt 0:00:22]} Qb4 {[%emt 0:00:35]} 33. Bc3 {[%emt 0:00:11]} Qxb3 {[%emt 0:00:03]} 34. Ng5 {[%emt 0:01:37]} Bh6 {[%emt 0:00:17]} 35. g4 {[%emt 0:00:48]} Bxg5 {[%emt 0:00:16]} 36. gxf5 {[%emt 0:00:09]} Qc2 {[%emt 0:00:40]} 37. fxg6 {[%emt 0:03:13]} hxg6 {[%emt 0:00:01]} 38. Nf7 {[%emt 0:01:46]} Bxf7 {[%emt 0:02:17]} 39. d5 {[%emt 0:00:26]} Bh4 {[%emt 0:00:19]} 40. Ba1 {[%emt 0:00:00]} Qf2+ {[%emt 0:00:00]} 0-1

[Event "VI Sunway Sitges Open 2019"]
[Site "Sitges"]
[Date "2019.12.17"]
[Round "5.25"]
[White "Peralta, Fernando"]
[Black "Kjartansson, Gudmundur"]
[Result "1-0"]
[WhiteElo "2577"]
[BlackElo "2448"]
[Annotator "ChessBase"]
[PlyCount "119"]
[EventDate "2019.12.13"]
[EventType "swiss"]
[EventCountry "ESP"]
[SourceTitle "playchess.com"]
[Source "ChessBase"]
[SourceQuality "1"]
[TimeControl "40/5400+30:1800+30"]

1. d4 {[%emt 0:00:00]} d5 {[%emt 0:00:00]} 2. c4 {[%emt 0:00:00]} e6 {[%emt 0:00:00]} 3. Nc3 {[%emt 0:00:24]} c6 {[%emt 0:00:00]} 4. e3 {[%emt 0:00:06]} Nf6 {[%emt 0:00:02]} 5. Nf3 {[%emt 0:00:16]} Nbd7 {[%emt 0:00:34]} 6. Bd3 {[%emt 0:00:15]} dxc4 {[%emt 0:00:07]} 7. Bxc4 {[%emt 0:00:03]} b5 {[%emt 0:00:05]} 8. Bd3 {[%emt 0:00:05]} a6 {[%emt 0:01:07]} 9. a4 {[%emt 0:01:16]} b4 {[%emt 0:00:23]} 10. Nb1 {[%emt 0:00:06]} c5 {[%emt 0:01:54]} 11. O-O {[%emt 0:00:19]} Bb7 {[%emt 0:00:41]} 12. Nbd2 {[%emt 0:00:07]} Be7 {[%emt 0:01:54]} 13. Qe2 {[%emt 0:01:02]} Qc7 {[%emt 0:02:12]} 14. Rd1 {[%emt 0:06:34]} O-O {[%emt 0:07:58]} 15. Nc4 {[%emt 0:14:17]} Be4 {[%emt 0:17:08]} 16. Bd2 {[%emt 0:00:00]} Rfd8 {[%emt 0:09:07]} 17. Bxe4 {[%emt 0:00:00]} Nxe4 {[%emt 0:00:06]} 18. Be1 {[%emt 0:00:00]} Rac8 {[%emt 0:05:15]} 19. Rac1 {[%emt 0:00:17]} Qc6 {[%emt 0:08:32]} 20. Nfe5 {[%emt 0:06:09]} Nxe5 {[%emt 0:05:43]} 21. dxe5 {[%emt 0:01:29]} f5 {[%emt 0:00:53]} 22. exf6 {[%emt 0:04:00]} Bxf6 {[%emt 0:15:54]} 23. f3 {[%emt 0:10:20]} Nd6 {[%emt 0:00:00]} 24. Nxd6 {[%emt 0:05:09]} Rxd6 {[%emt 0:00:00]} 25. Rxd6 {[%emt 0:02:07]} Qxd6 {[%emt 0:00:00]} 26. Bxb4 {[%emt 0:00:22]} Qd7 {[%emt 0:02:51]} 27. Bxc5 {[%emt 0:23:35]} Qxa4 {[%emt 0:00:42]} 28. b4 {[%emt 0:00:52]} Rd8 {[%emt 0:10:42]} 29. h3 {[%emt 0:04:19]} Kf7 {[%emt 0:05:43]} 30. f4 {[%emt 0:10:17]} Qc6 {[%emt 0:01:50]} 31. Kh2 {[%emt 0:01:01]} Kg8 {[%emt 0:00:23]} 32. Rc2 {[%emt 0:04:25]} Qe4 {[%emt 0:02:08]} 33. Qc4 {[%emt 0:04:13]} Qxc4 {[%emt 0:00:10]} 34. Rxc4 {[%emt 0:00:04]} Rc8 {[%emt 0:00:17]} 35. Rc2 {[%emt 0:03:14]} a5 {[%emt 0:01:41]} 36. bxa5 {[%emt 0:00:39]} Be7 {[%emt 0:00:06]} 37. a6 {[%emt 0:00:30]} Bxc5 {[%emt 0:00:31]} 38. a7 {[%emt 0:00:29]} Ra8 {[%emt 0:00:04]} 39. Rxc5 {[%emt 0:00:04]} Rxa7 {[%emt 0:00:03]} 40. g4 {[%emt 0:00:00]} h6 {[%emt 0:00:00]} 41. Kg3 {[%emt 0:04:34]} Kf7 42. h4 {[%emt 0:09:55]} g6 {[%emt 0:11:30]} 43. h5 {[%emt 0:01:58]} gxh5 {[%emt 0:07:14]} 44. Rxh5 {[%emt 0:00:26]} Kg6 {[%emt 0:00:50]} 45. Re5 {[%emt 0:01:44]} Kf6 {[%emt 0:00:36]} 46. Rh5 {[%emt 0:00:12]} Kg6 {[%emt 0:00:00]} 47. Rb5 {[%emt 0:00:01]} Ra6 48. Kf3 {[%emt 0:03:31]} Ra4 {[%emt 0:13:03]} 49. Rb6 {[%emt 0:03:53]} Kf7 {[%emt 0:03:33]} 50. f5 {[%emt 0:07:46]} h5 {[%emt 0:00:00]} 51. Rxe6 {[%emt 0:00:50]} Rxg4 {[%emt 0:00:00]} 52. Rh6 {[%emt 0:00:39]} Rh4 53. e4 {[%emt 0:00:30]} Kg7 {[%emt 0:00:20]} 54. Rg6+ {[%emt 0:00:44]} Kf7 55. e5 {[%emt 0:00:44]} Ra4 56. e6+ {[%emt 0:00:56]} Ke7 {[%emt 0:00:53]} 57. Rg7+ {[%emt 0:00:34]} Kd6 {[%emt 0:00:16]} 58. Rd7+ {[%emt 0:01:19]} Ke5 59. e7 {[%emt 0:00:00]} Rf4+ {[%emt 0:00:13]} 60. Kg2 {[%emt 0:00:21] Kd5} 1-0

[Event "VI Sunway Sitges Open 2019"]
[Site "Sitges"]
[Date "2019.12.17"]
[Round "5.26"]
[White "Sardana, Rishi"]
[Black "Lopez Martinez, Josep Manuel"]
[Result "1/2-1/2"]
[WhiteElo "2428"]
[BlackElo "2561"]
[Annotator "ChessBase"]
[PlyCount "106"]
[EventDate "2019.12.13"]
[EventType "swiss"]
[EventCountry "ESP"]
[SourceTitle "playchess.com"]
[Source "ChessBase"]
[SourceQuality "1"]
[TimeControl "40/5400+30:1800+30"]

1. e4 {[%emt 0:05:30]} c5 {[%emt 0:06:20]} 2. Nf3 {[%emt 0:00:00]} e6 {[%emt 0:01:47]} 3. g3 {[%emt 0:00:00]} Nc6 {[%emt 0:00:42]} 4. Bg2 {[%emt 0:00:00]} Nf6 {[%emt 0:00:22]} 5. Nc3 {[%emt 0:00:00]} d6 {[%emt 0:06:23]} 6. O-O {[%emt 0:00:00]} e5 {[%emt 0:01:28]} 7. d3 {[%emt 0:00:00]} Be7 {[%emt 0:00:58]} 8. Nd2 {[%emt 0:04:36]} Bg4 {[%emt 0:09:11]} 9. f3 {[%emt 0:00:00]} Be6 {[%emt 0:00:09]} 10. f4 {[%emt 0:00:00]} Bg4 {[%emt 0:00:33]} 11. Nf3 {[%emt 0:00:00]} Nd4 {[%emt 0:00:33]} 12. f5 {[%emt 0:10:43]} h6 {[%emt 0:10:37]} 13. h3 {[%emt 0:04:43]} Bxf3 {[%emt 0:01:51]} 14. Bxf3 {[%emt 0:00:07]} Qd7 {[%emt 0:02:13]} 15. Bg2 {[%emt 0:01:24]} O-O-O {[%emt 0:00:44]} 16. g4 {[%emt 0:06:22]} Kb8 {[%emt 0:04:45]} 17. Nd5 {[%emt 0:03:01]} Nxd5 {[%emt 0:00:00]} 18. exd5 {[%emt 0:01:47]} Nb5 {[%emt 0:00:00]} 19. Qe1 {[%emt 0:12:42]} Bg5 {[%emt 0:01:14]} 20. Bxg5 {[%emt 0:01:22]} hxg5 {[%emt 0:02:22]} 21. f6 {[%emt 0:06:53]} Rdg8 {[%emt 0:04:15]} 22. Qe3 {[%emt 0:06:12]} gxf6 {[%emt 0:00:00]} 23. Rxf6 {[%emt 0:00:02]} Nc7 {[%emt 0:03:16]} 24. Raf1 {[%emt 0:03:27]} Rg7 {[%emt 0:00:00]} 25. a3 {[%emt 0:02:56]} Ne8 {[%emt 0:00:00]} 26. R6f5 {[%emt 0:02:59]} f6 {[%emt 0:00:00]} 27. c4 {[%emt 0:02:31]} Qa4 {[%emt 0:00:00]} 28. Qd2 {[%emt 0:05:20]} Qb3 {[%emt 0:09:11]} 29. R5f3 {[%emt 0:00:33]} Qb6 {[%emt 0:00:00]} 30. Re3 {[%emt 0:06:11]} a5 {[%emt 0:00:00]} 31. Be4 {[%emt 0:00:09]} Qa6 {[%emt 0:00:00]} 32. Kg2 {[%emt 0:00:34]} a4 {[%emt 0:00:52]} 33. Ref3 {[%emt 0:00:21]} Rf8 {[%emt 0:01:00]} 34. Bf5 {[%emt 0:00:09]} Rff7 {[%emt 0:02:02]} 35. Be6 {[%emt 0:00:19]} Re7 {[%emt 0:01:18]} 36. Qe1 {[%emt 0:02:04]} b5 {[%emt 0:05:09]} 37. Qe4 {[%emt 0:05:22]} Rb7 {[%emt 0:00:00]} 38. R1f2 {[%emt 0:06:08]} b4 {[%emt 0:02:39]} 39. Bf5 {[%emt 0:00:00]} bxa3 {[%emt 0:01:00]} 40. bxa3 {[%emt 0:00:00]} Rb3 {[%emt 0:00:44]} 41. Bg6 {[%emt 0:00:00]} Nc7 {[%emt 0:00:13]} 42. Ra2 {[%emt 0:02:23]} Qb6 {[%emt 0:01:14]} 43. Rxf6 {[%emt 0:01:57]} Rxa3 {[%emt 0:00:14]} 44. Rxa3 {[%emt 0:00:36]} Qb2+ {[%emt 0:00:09]} 45. Kg3 {[%emt 0:02:36]} Qxa3 {[%emt 0:00:07]} 46. Rxd6 {[%emt 0:00:41]} Qc1 {[%emt 0:17:28]} 47. Bf5 {[%emt 0:01:25]} a3 {[%emt 0:03:02]} 48. Rd8+ {[%emt 0:18:33]} Ka7 {[%emt 0:00:00]} 49. d6 {[%emt 0:00:49]} a2 {[%emt 0:03:01]} 50. dxc7 {[%emt 0:02:13]} Qg1+ {[%emt 0:00:00]} 51. Kf3 {[%emt 0:00:37]} Qf1+ {[%emt 0:00:00]} 52. Kg3 {[%emt 0:00:10]} Qg1+ {[%emt 0:00:39]} 53. Kf3 {[%emt 0:01:09]} Qf1+ {[%emt 0:00:56]} 1/2-1/2

[Event "VI Sunway Sitges Open 2019"]
[Site "Sitges"]
[Date "2019.12.17"]
[Round "5.27"]
[White "Dragnev, Valentin"]
[Black "Batsiashvili, Nino"]
[Result "1/2-1/2"]
[WhiteElo "2553"]
[BlackElo "2447"]
[Annotator "ChessBase"]
[PlyCount "66"]
[EventDate "2019.12.13"]
[EventType "swiss"]
[EventCountry "ESP"]
[SourceTitle "playchess.com"]
[Source "ChessBase"]
[SourceQuality "1"]
[TimeControl "40/5400+30:1800+30"]

1. d4 {[%emt 0:04:42]} Nf6 {[%emt 0:01:38]} 2. c4 {[%emt 0:00:09]} e6 {[%emt 0:00:04]} 3. Nf3 {[%emt 0:00:06]} b6 {[%emt 0:00:13]} 4. g3 {[%emt 0:00:07]} Bb4+ {[%emt 0:00:11]} 5. Bd2 {[%emt 0:00:06]} Bxd2+ {[%emt 0:00:13]} 6. Qxd2 {[%emt 0:00:26]} Ba6 {[%emt 0:00:08]} 7. b3 {[%emt 0:09:44]} O-O {[%emt 0:01:14]} 8. Bg2 {[%emt 0:02:12]} d5 {[%emt 0:00:15]} 9. cxd5 {[%emt 0:20:20]} exd5 {[%emt 0:00:08]} 10. O-O {[%emt 0:00:06]} c5 {[%emt 0:05:47]} 11. dxc5 {[%emt 0:02:53]} bxc5 {[%emt 0:00:05]} 12. Nc3 {[%emt 0:00:53]} Nc6 {[%emt 0:09:51]} 13. Nh4 {[%emt 0:19:55]} Re8 {[%emt 0:07:14]} 14. Rfe1 {[%emt 0:02:12]} Rc8 {[%emt 0:11:32]} 15. Rac1 {[%emt 0:07:45]} d4 {[%emt 0:13:28]} 16. Na4 {[%emt 0:00:57]} c4 {[%emt 0:00:12]} 17. Nc5 {[%emt 0:11:12]} c3 {[%emt 0:01:45]} 18. Qd1 {[%emt 0:00:05]} Qb6 {[%emt 0:12:44]} 19. Nxa6 {[%emt 0:00:05]} Qxa6 {[%emt 0:00:24]} 20. Bxc6 {[%emt 0:02:02]} Rxc6 {[%emt 0:01:14]} 21. Qxd4 {[%emt 0:00:30]} c2 {[%emt 0:02:31]} 22. e4 {[%emt 0:01:10]} Qa5 {[%emt 0:10:26]} 23. e5 {[%emt 0:06:35]} Nd5 {[%emt 0:03:28]} 24. Nf5 g6 {[%emt 0:02:24]} 25. Nh6+ {[%emt 0:01:27]} Kg7 {[%emt 0:00:25]} 26. Ng4 {[%emt 0:05:29]} Ree6 {[%emt 0:05:56]} 27. Re2 {[%emt 0:01:18]} h5 {[%emt 0:00:48]} 28. Ne3 {[%emt 0:04:49]} Nxe3 {[%emt 0:00:30]} 29. Qxe3 {[%emt 0:01:05]} Qxa2 {[%emt 0:00:18]} 30. Qd3 {[%emt 0:00:51]} Qb2 {[%emt 0:00:45]} 31. Rcxc2 {[%emt 0:00:40]} Rxc2 {[%emt 0:00:03]} 32. Qxc2 {[%emt 0:00:12]} Qxc2 {[%emt 0:00:07]} 33. Rxc2 {[%emt 0:00:02]} Rxe5 {[%emt 0:00:05]} 1/2-1/2

[Event "VI Sunway Sitges Open 2019"]
[Site "Sitges"]
[Date "2019.12.17"]
[Round "5.28"]
[White "Shevchenko, Kirill"]
[Black "Kirk, Ezra"]
[Result "1-0"]
[WhiteElo "2547"]
[BlackElo "2433"]
[Annotator "ChessBase"]
[PlyCount "91"]
[EventDate "2019.12.13"]
[EventType "swiss"]
[EventCountry "ESP"]
[SourceTitle "playchess.com"]
[Source "ChessBase"]
[SourceQuality "1"]
[TimeControl "40/5400+30:1800+30"]

1. e4 {[%emt 0:00:00]} e6 {[%emt 0:00:37]} 2. d4 {[%emt 0:00:00]} d5 {[%emt 0:00:08]} 3. Nc3 {[%emt 0:00:00]} Nf6 {[%emt 0:00:20]} 4. e5 {[%emt 0:00:00]} Nfd7 {[%emt 0:00:06]} 5. f4 {[%emt 0:00:00]} c5 {[%emt 0:00:08]} 6. Nf3 {[%emt 0:00:00]} Nc6 {[%emt 0:00:34]} 7. Be3 {[%emt 0:00:05]} Be7 {[%emt 0:00:26]} 8. Qd2 {[%emt 0:00:31]} O-O {[%emt 0:00:36]} 9. dxc5 {[%emt 0:00:21]} Bxc5 {[%emt 0:04:22]} 10. O-O-O {[%emt 0:02:42]} Qa5 {[%emt 0:00:29]} 11. a3 {[%emt 0:04:57]} Be7 {[%emt 0:01:01]} 12. Kb1 {[%emt 0:12:12]} a6 {[%emt 0:02:22]} 13. Nd4 {[%emt 0:17:03]} Qc7 {[%emt 0:01:19]} 14. h4 {[%emt 0:07:37]} b5 {[%emt 0:06:17]} 15. Nxc6 {[%emt 0:07:13]} Qxc6 {[%emt 0:00:48]} 16. Ne2 {[%emt 0:00:05]} Nc5 {[%emt 0:05:56]} 17. Nd4 {[%emt 0:05:23]} Qc7 {[%emt 0:01:51]} 18. Qc3 {[%emt 0:03:16]} Qb7 {[%emt 0:05:21]} 19. Nf5 {[%emt 0:02:57]} exf5 {[%emt 0:02:11]} 20. Bxc5 {[%emt 0:00:22]} Bxc5 {[%emt 0:00:53]} 21. Qxc5 {[%emt 0:00:05]} Be6 {[%emt 0:00:09]} 22. Rh3 {[%emt 0:07:01]} d4 {[%emt 0:03:14]} 23. Qxd4 {[%emt 0:08:30]} a5 {[%emt 0:01:55]} 24. Qf2 {[%emt 0:06:55]} b4 {[%emt 0:05:09]} 25. Rd6 {[%emt 0:01:51]} Rfb8 {[%emt 0:15:59]} 26. Qd4 {[%emt 0:01:39]} Qc7 {[%emt 0:00:09]} 27. a4 {[%emt 0:05:43]} b3 {[%emt 0:00:55]} 28. cxb3 {[%emt 0:01:29]} Bxb3 {[%emt 0:06:34]} 29. Rc3 {[%emt 0:00:38]} Qb7 {[%emt 0:00:04]} 30. Bb5 {[%emt 0:00:43]} Be6 {[%emt 0:00:26]} 31. Rcc6 {[%emt 0:01:20]} h6 {[%emt 0:00:18]} 32. g3 {[%emt 0:00:29]} Rc8 {[%emt 0:01:28]} 33. Qb6 {[%emt 0:02:53]} Qe7 {[%emt 0:04:29]} 34. h5 {[%emt 0:01:08]} Rcb8 {[%emt 0:00:56]} 35. Rc7 {[%emt 0:01:05]} Qf8 {[%emt 0:01:20]} 36. Qc5 {[%emt 0:00:24]} Rc8 {[%emt 0:01:28]} 37. Rdc6 {[%emt 0:00:59]} Qxc5 {[%emt 0:00:47]} 38. Rxc5 {[%emt 0:00:01]} Rd8 {[%emt 0:00:07]} 39. Kc2 {[%emt 0:00:57]} Rd4 {[%emt 0:06:53]} 40. Bc4 {[%emt 0:00:00]} Kh7 {[%emt 0:00:00]} 41. Bxe6 {[%emt 0:09:13]} fxe6 {[%emt 0:07:52]} 42. Rc4 {[%emt 0:00:10]} Rd5 {[%emt 0:01:35]} 43. Rc8 {[%emt 0:04:57]} Ra7 {[%emt 0:01:37]} 44. R4c7 {[%emt 0:02:51]} Ra6 {[%emt 0:03:33]} 45. Rc6 {[%emt 0:03:10]} Ra7 {[%emt 0:00:22]} 46. Rd6 {[%emt 0:00:57]} 1-0

[Event "VI Sunway Sitges Open 2019"]
[Site "Sitges"]
[Date "2019.12.17"]
[Round "5.29"]
[White "Harutyunian, Tigran K."]
[Black "Bryakin, Mikhail"]
[Result "1/2-1/2"]
[WhiteElo "2540"]
[BlackElo "2428"]
[Annotator "ChessBase"]
[PlyCount "80"]
[EventDate "2019.12.13"]
[EventType "swiss"]
[EventCountry "ESP"]
[SourceTitle "playchess.com"]
[Source "ChessBase"]
[SourceQuality "1"]
[TimeControl "40/5400+30:1800+30"]

1. c4 {[%emt 0:00:00]} c6 {[%emt 0:00:00]} 2. Nf3 {[%emt 0:00:18]} d5 {[%emt 0:00:00]} 3. d4 {[%emt 0:00:19]} Nf6 {[%emt 0:00:00]} 4. Nc3 {[%emt 0:00:13]} a6 {[%emt 0:00:06]} 5. c5 {[%emt 0:00:29]} Nbd7 {[%emt 0:00:12]} 6. Bf4 {[%emt 0:01:51]} Nh5 {[%emt 0:00:08]} 7. Bd2 {[%emt 0:00:15]} g6 {[%emt 0:00:45]} 8. e4 {[%emt 0:01:35]} dxe4 {[%emt 0:01:20]} 9. Nxe4 {[%emt 0:01:05]} Nhf6 {[%emt 0:10:24]} 10. Nxf6+ {[%emt 0:06:34]} Nxf6 {[%emt 0:00:29]} 11. Bc4 {[%emt 0:00:07]} Bg7 {[%emt 0:01:34]} 12. O-O {[%emt 0:00:38]} O-O {[%emt 0:00:34]} 13. Qb3 {[%emt 0:02:21]} Nd5 {[%emt 0:02:10]} 14. Rfe1 {[%emt 0:00:48]} e6 {[%emt 0:15:32]} 15. Bg5 {[%emt 0:05:30]} f6 {[%emt 0:12:07]} 16. Bh4 {[%emt 0:01:11]} Re8 {[%emt 0:01:26]} 17. Bg3 {[%emt 0:01:07]} a5 {[%emt 0:03:22]} 18. a4 {[%emt 0:03:17]} Bh6 {[%emt 0:02:20]} 19. Re2 {[%emt 0:01:41]} Kf7 {[%emt 0:02:28]} 20. Rae1 {[%emt 0:02:35]} Ra7 {[%emt 0:03:19]} 21. Nd2 {[%emt 0:03:41]} Bxd2 {[%emt 0:01:14]} 22. Rxd2 {[%emt 0:00:07]} b6 {[%emt 0:05:08]} 23. Bd6 {[%emt 0:05:00]} bxc5 {[%emt 0:02:41]} 24. dxc5 {[%emt 0:00:12]} Kg7 {[%emt 0:02:16]} 25. h4 {[%emt 0:05:37]} Rb7 {[%emt 0:02:22]} 26. Qf3 {[%emt 0:03:33]} Rb4 {[%emt 0:01:30]} 27. b3 {[%emt 0:00:22]} Bd7 {[%emt 0:01:47]} 28. h5 {[%emt 0:06:24]} Qc8 {[%emt 0:08:29]} 29. Rd4 {[%emt 0:09:18]} e5 {[%emt 0:04:54]} 30. Rh4 {[%emt 0:02:54]} Bf5 {[%emt 0:04:52]} 31. hxg6 {[%emt 0:16:50]} Bxg6 {[%emt 0:00:05]} 32. Qg3 {[%emt 0:02:14]} Qf5 {[%emt 0:02:14]} 33. Rhe4 {[%emt 0:00:59]} Nf4 {[%emt 0:01:58]} 34. Qh4 {[%emt 0:00:52]} h5 {[%emt 0:01:26]} 35. R4e3 {[%emt 0:02:05]} Bf7 {[%emt 0:03:01]} 36. Qg3+ {[%emt 0:01:30]} Qg4 {[%emt 0:01:51]} 37. Bf1 {[%emt 0:06:47]} Nd5 {[%emt 0:02:31]} 38. Be2 {[%emt 0:00:26]} Qxg3 {[%emt 0:00:37]} 39. Rxg3+ {[%emt 0:00:06]} Kh6 {[%emt 0:00:22]} 40. Bc4 {[%emt 0:00:00]} Be6 {[%emt 0:00:00]} 1/2-1/2

[Event "VI Sunway Sitges Open 2019"]
[Site "Sitges"]
[Date "2019.12.17"]
[Round "5.30"]
[White "Low, Zhen Yu Cyrus"]
[Black "Stefansson, Hannes"]
[Result "1/2-1/2"]
[WhiteElo "2420"]
[BlackElo "2538"]
[Annotator "ChessBase"]
[PlyCount "51"]
[EventDate "2019.12.13"]
[EventType "swiss"]
[EventCountry "ESP"]
[SourceTitle "playchess.com"]
[Source "ChessBase"]
[SourceQuality "1"]
[TimeControl "40/5400+30:1800+30"]

1. e4 {[%emt 0:00:02]} c5 {[%emt 0:00:21]} 2. Nf3 {[%emt 0:00:08]} Nc6 {[%emt 0:00:24]} 3. d4 {[%emt 0:00:07]} cxd4 {[%emt 0:00:14]} 4. Nxd4 {[%emt 0:00:07]} e6 {[%emt 0:00:11]} 5. g3 {[%emt 0:00:09]} d5 {[%emt 0:11:03]} 6. Nc3 {[%emt 0:00:06]} Nf6 {[%emt 0:05:52]} 7. Bg2 {[%emt 0:00:57]} dxe4 {[%emt 0:03:28]} 8. Nxc6 {[%emt 0:00:08]} Qxd1+ {[%emt 0:00:17]} 9. Kxd1 {[%emt 0:00:07]} bxc6 {[%emt 0:00:09]} 10. Nxe4 {[%emt 0:00:15]} Nxe4 {[%emt 0:01:16]} 11. Bxe4 {[%emt 0:00:09]} Bb7 {[%emt 0:00:29]} 12. Be3 {[%emt 0:06:09]} O-O-O+ {[%emt 0:00:56]} 13. Kc1 {[%emt 0:00:36]} Be7 {[%emt 0:02:30]} 14. c3 {[%emt 0:02:47]} c5 {[%emt 0:00:59]} 15. Bxb7+ {[%emt 0:01:56]} Kxb7 {[%emt 0:00:05]} 16. Kc2 {[%emt 0:06:49]} Kc6 {[%emt 0:00:12]} 17. Rhd1 {[%emt 0:05:29]} a5 {[%emt 0:01:26]} 18. a4 {[%emt 0:05:44]} Rd5 {[%emt 0:01:04]} 19. c4 {[%emt 0:11:59]} Rxd1 {[%emt 0:02:15]} 20. Rxd1 {[%emt 0:00:47]} Bf6 {[%emt 0:00:53]} 21. Bd2 {[%emt 0:04:39]} Rb8 {[%emt 0:03:38]} 22. Rb1 {[%emt 0:00:59]} Kb6 {[%emt 0:02:07]} 23. Be3 {[%emt 0:07:55]} Kc6 {[%emt 0:00:44]} 24. Bd2 {[%emt 0:00:06]} Kb6 {[%emt 0:00:17]} 25. Be3 {[%emt 0:00:08]} Kc6 {[%emt 0:00:06]} 26. Bd2 {[%emt 0:00:06]} 1/2-1/2

[Event "VI Sunway Sitges Open 2019"]
[Site "Sitges"]
[Date "2019.12.17"]
[Round "5.31"]
[White "Kacharava, Nikolozi"]
[Black "Krysa, Leandro"]
[Result "1-0"]
[WhiteElo "2416"]
[BlackElo "2527"]
[Annotator "TA"]
[PlyCount "70"]
[EventDate "2019.12.13"]
[EventType "swiss"]
[EventCountry "ESP"]
[SourceTitle "playchess.com"]
[Source "ChessBase"]
[SourceQuality "1"]

{[%evp 21,70,35,32,15,15,11,21,19,27,0,12,0,10,0,0,0,13,0,1,0,0,0,0,0,0,-5,-4,-12,-9,-9,-4,-8,-8,-8,-8,-8,-9,-9,-8,-9,0,-12,0,-10,-8,-8,0,0,34,30,129]} 1. e4 e5 2. Nf3 Nc6 3. Bc4 Nf6 4. d3 Be7 5. O-O O-O 6. Re1 d6 7. a4 a5 8. Nbd2 {[%cal Bb1d2,Bd2f1,Bf1g3,Bg3e2,Be2d4][%mdl 32]} h6 9. c3 Nh7 10. Nf1 Ng5 11. Nxg5 Bxg5 12. Ng3 {C55: Two Knights: 4 d3, 4 d4 exd4 5 e5 and Max Lange Attack} (12. Qh5 Bxc1 13. Raxc1 Qf6 14. Re3 Ne7 15. Rg3 Be6 16. Rf3 Qg6 17. Qxg6 Nxg6 18. Bxe6 fxe6 19. Rxf8+ Kxf8 20. Ne3 Ke7 21. g3 {½-½ (21) Grosar,A (2370)-Pavlovic,M (2480) Kladovo 1991}) 12... Bxc1 $146 ({Predecessor:} 12... Kh8 13. d4 Bxc1 14. Rxc1 f5 15. exf5 exd4 16. cxd4 Bxf5 17. Bb5 Nb4 18. Nxf5 Rxf5 19. Re8+ Qxe8 20. Bxe8 Rxe8 {1-0 (46) Buckley,M (2005)-Ursic,M Oropesa del Mar 1998}) 13. Rxc1 Qg5 14. d4 {The position is equal.} Bg4 15. Be2 Bxe2 16. Nxe2 Rfe8 17. dxe5 Qxe5 ({But not} 17... Nxe5 $2 18. f4 $18) 18. Nd4 Rab8 19. Qd2 Qc5 20. b3 d5 21. Nxc6 bxc6 22. exd5 Rxe1+ 23. Rxe1 Qxd5 24. Qxd5 cxd5 $11 {[%mdl 4096] Endgame KR-KR} 25. Rb1 c5 26. Kf1 Kf8 27. Ke2 Ke7 28. Kd2 Kd6 29. Kc2 Re8 {Threatens to win with ...Re2+.} 30. Kd2 Rb8 31. Kc2 Re8 {Threatening ...Re2+.} 32. Kd2 g5 33. b4 axb4 34. cxb4 c4 35. b5 Kc7 {Accuracy: White = 73%, Black = 55%.} (35... Kc5 $11) 1-0